000 00241nam a22000857a 4500
008 160926b xxu||||| |||| 00| 0 eng d
100 _9757
_aBala Subramanian.P.
245 _aBridges Activity Books-11
260 _aNew Delhi
_bFrank Publications
_c2012
999 _c3414
_d3414